Psychological survival: (Record no. 5449)
[ view plain ]
| 000 -LEADER | |
|---|---|
| fixed length control field | 00806nam a22001577a 4500 |
| 008 - FIXED-LENGTH DATA ELEMENTS--GENERAL INFORMATION | |
| fixed length control field | 150429b xxu||||| |||| 00| 0 eng d |
| 020 ## - INTERNATIONAL STANDARD BOOK NUMBER | |
| International Standard Book Number | 014021657x |
| 050 ## - LIBRARY OF CONGRESS CALL NUMBER | |
| Classification number | HV6089.C64 |
| 100 ## - MAIN ENTRY--PERSONAL NAME | |
| Personal name | Cohen, Stanley |
| 245 ## - TITLE STATEMENT | |
| Title | Psychological survival: |
| Remainder of title | the experience of long-term imprisonment. / |
| Statement of responsibility, etc. | Stanley Cohen and Laurie Taylor |
| 260 ## - PUBLICATION, DISTRIBUTION, ETC. | |
| Place of publication, distribution, etc. | London: |
| Name of publisher, distributor, etc. | Penguin books Ltd, |
| Date of publication, distribution, etc. | c1972. |
| 300 ## - PHYSICAL DESCRIPTION | |
| Extent | 216p. |
| Other physical details | ill; |
| Dimensions | 18cm. |
| 505 ## - FORMATTED CONTENTS NOTE | |
| Formatted contents note | Contents: Getting into a maximum security wing -- Survival in extreme situations -- The Closed emotional world of the security wing -- Time and deterioration -- History, authority and solidarity -- Making out and fighting back -- Identities, biographies and ideologies -- Taking sides -- Appendix: The Story of another research project. |
| 700 ## - ADDED ENTRY--PERSONAL NAME | |
| Personal name | Taylor, Laurie |
| 942 ## - ADDED ENTRY ELEMENTS (KOHA) | |
| Source of classification or shelving scheme | Library of Congress Classification |
| Koha item type | Books |
| Withdrawn status | Lost status | Source of classification or shelving scheme | Damaged status | Not for loan | Home library | Current library | Shelving location | Date acquired | Total Checkouts | Full call number | Barcode | Date last seen | Price effective from | Koha item type |
|---|---|---|---|---|---|---|---|---|---|---|---|---|---|---|
| Library of Congress Classification | WISCONSIN INTERNATIONAL UNIVERSITY COLLEGE, GHANA - MAIN LIBRARY | WISCONSIN INTERNATIONAL UNIVERSITY COLLEGE, GHANA - MAIN LIBRARY | Law Library | 29/04/2015 | HV6089.C64 | 167/15 | 29/04/2015 | 29/04/2015 | Books |
